000
00243nam a2200109Ia 4500
008
200302s9999 xx 000 0 und d
100
_a
Author
245
_a
Hospital Architecture + Design
260
_b
Publisher
260
_c
2011
300
_a
185
999
_c
3588
_d
3588